000 00894nam a2200265Ia 4500
003 OSt
005 20221005110430.0
006 a|||||r|||| 00| 0
007 ta
008 221004b |||||||| |||| 00| 0 hin d
020 _a8170161894 (hbk)
_c250
024 _a20057
037 _b24019, 27/03/2015, Kitab Ghar
_cTextual
040 _aCRL
_cCRL
_bhin
041 _2hin
_ahin
082 _aO152,3N42,AA, N4;Q0
100 _aखेतान, प्रभा
245 0 _aअपने अपने चेहरे
246 _aApane apane chehare
260 _aनई दिल्ली
_bकिताबघर भारत
_c2010
300 _a216पृ0
_ccm.
650 _aहिन्दी साहित्य
942 _hO152,3N42,AA, N4;Q0
_cTEXL
_2cc
999 _c1018787
_d1018787